| Tag |
First Indicator |
Second Indicator |
Subfields |
| LEADER |
00000cam a22000008a 4500 |
| 001 |
in00000089812 |
| 005 |
20151008063519.0 |
| 008 |
810316s1981 nyu b 00110 eng |
| 010 |
|
|
|a 81004660
|
| 020 |
|
|
|a 0312233221 :
|c $27.50
|
| 035 |
|
|
|a (OCoLC)07307164
|
| 035 |
|
|
|9 AAK2391AM
|
| 039 |
0 |
|
|a 2
|b 3
|c 3
|d 3
|e 3
|
| 040 |
|
|
|a DLC
|c DLC
|d TXA
|d UtOrBLW
|
| 043 |
|
|
|a e-fr---
|
| 049 |
|
|
|a TXAM
|c [1560957]
|
| 050 |
0 |
0 |
|a HC275
|b .P74 1981
|
| 082 |
0 |
|
|a 330.944
|2 19
|
| 100 |
1 |
|
|a Price, Roger,
|d 1944 January 7-
|
| 245 |
1 |
3 |
|a An economic history of modern France, 1730-1914 /
|c Roger Price.
|
| 250 |
|
|
|a Rev. & expanded ed.
|
| 263 |
|
|
|a 8109
|
| 264 |
|
1 |
|a New York, N.Y. :
|b St. Martin's Press,
|c 1981.
|
| 300 |
|
|
|a xii, 252 pages ;
|c 22 cm.
|
| 336 |
|
|
|a text
|b txt
|2 rdacontent
|
| 337 |
|
|
|a unmediated
|b n
|2 rdamedia
|
| 338 |
|
|
|a volume
|b nc
|2 rdacarrier
|
| 500 |
|
|
|a Previous edition published in 1975 as: The economic modernisation of France.
|
| 504 |
|
|
|a Includes bibliographical references and index.
|
| 651 |
|
0 |
|a France
|x Economic conditions.
|
| 999 |
|
|
|a MARS
|
| 999 |
f |
f |
|s dc806241-a87a-3d37-a669-3029c17fa3bd
|i 7b66b9d7-b384-37ee-bd3f-edba40997934
|t 0
|
| 952 |
f |
f |
|p ric
|a Texas A&M University
|b Rellis Campus
|c Joint Library Facility
|d Remote Storage
|t 0
|e HC275 .P74 1981
|h Library of Congress classification
|i unmediated -- volume
|m A14806122580
|
| 998 |
f |
f |
|a HC275 .P74 1981
|t 0
|l Remote Storage
|